000 00442nam a2200169 i 4500
001 35144
003 ES-MaACL
005 20230906155050.0
007 t|
008 030212s1977 brg ||||1| bul d
100 1 _aBotev, Jristo.
_930771
245 1 0 _aPoesías /
_cJristo Botev.
260 _aSofía :
_bSofia Press,
_c1977.
300 _a86 p. ;
_c25 cm.
500 _aBilingüe: Búlgaro-Español.
852 _aES-MaACL
_jA-8998
_bR.97679
999 _c35144
_d35144